Badminton ranking at 2022.07.16 - Statistics

General Stats
  • This quiz has been taken 125 times
  • The average score is 27 of 50
Answer Stats
Hint Answer % Correct
1 Viktor Axelsen Denmark
97%
2 Kento Momota Japan
93%
3 Anders Antonsen Denmark
92%
6 Anthony Sinisuka Ginting Indonesia
91%
4 Chou Tien Chen Chinese Taipei( Taiwan )
85%
5 Carolina Marin Spain
83%
5 Lee Zii Jia Malaysia
82%
9 Loh Kean Yew Singapore
82%
2 Tai Tzu-Ying Chinese Taipei( Taiwan )
81%
8 Jonatan Christie Indonesia
79%
1 Akane Yamaguchi Japan
76%
3 An Se Young Korea ( South Korea )
76%
4 Chen Yu Fei China
68%
10 Lakshya Sen India
68%
7 Pusarla Venkata Sindhu India
64%
8 Ratchanok Intanon Thailand
61%
3 Yuta Watanabe & Arisa Higashino Japan
60%
6 Aaron Chia & Soh Wooi Yik Malaysia
59%
7 Chen Long China
59%
9 Kim Astrup & Anders Skaarup Rasmussen Denmark
59%
3 Mohammad Ahsan & Hendra Setiawan Indonesia
56%
5 Fajar Alfian & Muhammad Rian Ardianto Indonesia
54%
1 Kevin Sanjaya Sukamuljo & Marcus Fernaldi Gideon Indonesia
54%
8 Satwiksairaj Rankireddy & Chirag Shetty India
53%
2 Takuro Hoki & Yugo Kobayashi Japan
53%
1 Zheng Si Wei & Huang Ya Qiong China
53%
1 Chen Qing Chen & Jia Yi Fan China
49%
4 Lee Yang & Wang Chi Lin Chinese Taipei( Taiwan )
47%
4 Wang Yi Lyu & Huang Dong Ping China
45%
6 Nozomi Okuhara Japan
44%
9 Gabriela Stoeva & Stefani Stoeva Bulgaria
43%
9 He Bing Jiao China
43%
5 Nami Matsuyama & Chiharu Shida Japan
43%
2 Dechapol Puavaranukroh & Sapsiree Taerattanachai Thailand
42%
3 Lee So Hee & Shin Seung Chan Korea ( South Korea )
41%
6 Mayu Matsumoto & Wakana Nagahara Japan
40%
6 Seo Seung Jae & Chae Yoo Jung Korea ( South Korea )
40%
7 Greysia Polii & Apriyani Rahayu Indonesia
39%
10 Pornpawee Chochuwong Thailand
39%
5 Praveen Jordan & Melati Daeva Oktavianti Indonesia
39%
10 Thom Gicquel & Delphine Delrue France
38%
2 Yuki Fukushima & Sayaka Hirota Japan
38%
4 Kim So Yeong & Kong Hee Yong Korea ( South Korea )
36%
7 Tang Chun Man & Tse Ying Suet Hong Kong( Hong Kong China )
34%
10 Ong Yew Sin & Teo Ee Yi Malaysia
27%
7 Kenshi Kamura & Keigo Sonoda Japan
23%
9 Tan Kian Meng & Lai Pei Jing Malaysia
23%
8 Chan Peng Soon & Goh Liu Ying Malaysia
19%
8 Jongkonphan Kittiharakul & Rawinda Prajongjai Thailand
19%
10 Jeong Na Eun & Kim Hye Jeong Korea ( South Korea )
16%
No matching quizzes found
Score Distribution
Percent of People with Each Score
Percentile by Number Answered
Your Score History
You have not taken this quiz